Big box preservation

Na minha lista:
Detalhes bibliográficos
Autor principal: Pecháčková, Lucia (Author)
Outros Autores: Janák, Michal (Thesis advisor)
Formato: Manuscrito Livro
Idioma:eslovaco
Publicado em: 2025
Assuntos:
Acesso em linha:http://is.stuba.sk/zp/portal_zp.pl?podrobnosti=185086
Tags: Adicionar Tag
Sem tags, seja o primeiro a adicionar uma tag!

MARC

LEADER 00000ntm a22000003a 4500
001 stuzp104616
003 SK-STU
005 20250607210645.4
007 ta
008 150427s2015----xo-----f-mn---000-0-slo-d
040 |a STU  |b slo 
041 0 |a slo 
100 1 |a Pecháčková, Lucia  |u 050000  |4 aut  |T FAD Fakulta architektúry a dizajnu  |X 103600  |U A  |Y 50  |7 103600 
242 0 1 |a BIG BOX PRESERVATION  |y eng 
245 1 0 |a Big box preservation 
260 |c 2025 
650 4 |a productive city  |2 eng 
650 4 |a radical reuse  |2 eng 
650 4 |a bigbox  |2 eng 
650 4 |a produktívne mesto  |2 slo 
650 4 |a radikálna obnova  |2 slo 
650 4 |a bigbox  |2 slo 
700 1 |a Janák, Michal  |4 ths  |X 40127  |7 A000040127 
856 4 |u http://is.stuba.sk/zp/portal_zp.pl?podrobnosti=185086